| 000 | 00544nam a22001937a 4500 | ||
|---|---|---|---|
| 003 | CEME | ||
| 005 | 20210628205602.0 | ||
| 008 | 210127b xxu||||| |||| 00| 0 eng d | ||
| 020 | _a1-55860-852-4 | ||
| 040 | _c. | ||
| 082 | _a004.65 DUA | ||
| 100 |
_aDuato, Jose _976127 |
||
| 245 | _aInterconnection networks,an engineering approach | ||
| 260 |
_aNEW YORK _bMORGAN KAUFMANN _c2004 |
||
| 300 | _aXXIII,600 | ||
| 650 |
_aNETWORKS.INTERCONNECTION NETWORKS _976128 |
||
| 700 |
_aYalamanchili, Sudhakar, Lionel Ni _976129 |
||
| 942 |
_cBK _2ddc |
||
| 999 |
_c581550 _d581550 |
||